[Event "chess.com Junior Speed"]
[Site "chess.com INT"]
[Date "2019.06.18"]
[Round "1.8"]
[White "Liang, Awonder"]
[Black "Gledura, Benjamin"]
[Result "0-1"]
[WhiteTitle "GM"]
[BlackTitle "GM"]
[WhiteElo "2600"]
[BlackElo "2645"]
[WhiteFideId "2056437"]
[BlackFideId "712779"]
[EventDate "2019.05.16"]

1. e4 c5 2. Nc3 Nc6 3. Bb5 Qb6 4. Nf3 e6 5. Bxc6 Qxc6 6. O-O Nf6 7. d4 Nxe4 8.
Re1 Nxc3 9. bxc3 cxd4 10. Qxd4 f6 11. Bf4 b6 12. a4 Bc5 13. Qd3 O-O 14. Nd4 Qd5
15. Qg3 Bxd4 16. cxd4 Bb7 17. a5 bxa5 18. Reb1 Rac8 19. c3 Rxc3 20. Be3 Rfc8 21.
h4 Kf7 22. h5 Bc6 23. h6 g6 24. Rb2 a4 25. Rab1 a3 26. Re2 Bb5 27. Ree1 a2 28.
Ra1 Ra3 29. f3 Rxe3 30. Rxe3 Qxd4 31. Qe1 Be2 0-1

[Event "chess.com Junior Speed"]
[Site "chess.com INT"]
[Date "2019.06.18"]
[Round "1.9"]
[White "Gledura, Benjamin"]
[Black "Liang, Awonder"]
[Result "1-0"]
[WhiteTitle "GM"]
[BlackTitle "GM"]
[WhiteElo "2645"]
[BlackElo "2600"]
[WhiteFideId "712779"]
[BlackFideId "2056437"]
[EventDate "2019.05.16"]

1. d4 Nf6 2. Nf3 b6 3. g3 Bb7 4. Bg2 g6 5. O-O Bg7 6. c4 O-O 7. d5 Ne4 8. Qc2 f5
9. Rd1 Nd6 10. Be3 Na6 11. Bd4 Qe8 12. Bxg7 Kxg7 13. b4 Qf7 14. a3 Qf6 15. Nbd2
c6 16. dxc6 dxc6 17. c5 Nb5 18. Nc4 bxc5 19. bxc5 Rad8 20. Nce5 Rfe8 21. a4 Nbc7
22. Rab1 Rxd1+ 23. Rxd1 Nd5 24. Qb2 Rb8 25. Qd4 Ba8 26. Nd7 Qxd4 27. Nxd4 Rb4
28. Bxd5 cxd5 29. e3 Kf7 30. Ne5+ Kf6 31. Nd7+ Kf7 32. Rc1 Ke8 33. Ne5 Nc7 34.
c6 Kd8 35. a5 e6 36. h4 Ke7 37. f4 Kd6 38. Kf2 Rb2+ 39. Kf3 Ne8 40. a6 Nc7 41.
h5 g5 42. Nf7+ Ke7 43. Nxg5 h6 44. Ngxe6 Nxe6 45. c7 1-0

[Event "chess.com Junior Speed"]
[Site "chess.com INT"]
[Date "2019.06.18"]
[Round "1.10"]
[White "Liang, Awonder"]
[Black "Gledura, Benjamin"]
[Result "1-0"]
[WhiteTitle "GM"]
[BlackTitle "GM"]
[WhiteElo "2600"]
[BlackElo "2645"]
[WhiteFideId "2056437"]
[BlackFideId "712779"]
[EventDate "2019.05.16"]

1. e4 e5 2. Nf3 Nc6 3. Bb5 a6 4. Ba4 Nf6 5. O-O Be7 6. Re1 b5 7. Bb3 O-O 8. a4
b4 9. d3 d6 10. Nbd2 Na5 11. Ba2 c5 12. Nf1 Rb8 13. c3 b3 14. Bb1 Qc7 15. d4 c4
16. Bg5 h6 17. Bh4 Bb7 18. Bg3 Nh5 19. Ne3 Nxg3 20. hxg3 Bf6 21. Nd5 Bxd5 22.
exd5 exd4 23. Nxd4 g6 24. Be4 Rbe8 25. Bf3 Qc5 26. Qd2 Kg7 27. Nc6 Nxc6 28. dxc6
Bg5 29. Qd5 Qxd5 30. Bxd5 Rc8 31. Re4 Rfe8 32. f4 Bf6 33. Rae1 Rxe4 34. Rxe4 a5
35. Rxc4 Rc7 36. Kf2 h5 37. Re4 Bd8 38. Re8 Bf6 39. Rb8 1-0

[Event "chess.com Junior Speed"]
[Site "chess.com INT"]
[Date "2019.06.18"]
[Round "1.11"]
[White "Gledura, Benjamin"]
[Black "Liang, Awonder"]
[Result "1-0"]
[WhiteTitle "GM"]
[BlackTitle "GM"]
[WhiteElo "2645"]
[BlackElo "2600"]
[WhiteFideId "712779"]
[BlackFideId "2056437"]
[EventDate "2019.05.16"]

1. e4 c6 2. d4 d5 3. e5 Bf5 4. Nd2 e6 5. Nb3 Nd7 6. Nf3 Ne7 7. Be2 h6 8. O-O Qc7
9. a4 g5 10. Bd2 Bg7 11. Bb4 Ng6 12. Bd6 Qd8 13. a5 Nf4 14. c4 Bf8 15. c5 a6 16.
g3 Nxe2+ 17. Qxe2 Be7 18. Nbd2 Nf8 19. Ne1 Qd7 20. Ng2 h5 21. f3 Bh3 22. Rf2 Ng6
23. Ne3 f6 24. f4 O-O-O 25. Ndc4 dxc4 26. Nxc4 Bxd6 27. Nb6+ Kb8 28. Nxd7+ Rxd7
29. cxd6 gxf4 30. gxf4 Rg8 31. Kh1 Nh4 32. Ra3 Rdg7 33. Rg3 Bg4 34. exf6 Rd7 35.
Rxg4 hxg4 36. Qxe6 Rgd8 37. f7 Kc8 38. Qxg4 1-0

[Event "chess.com Junior Speed"]
[Site "chess.com INT"]
[Date "2019.06.18"]
[Round "1.12"]
[White "Liang, Awonder"]
[Black "Gledura, Benjamin"]
[Result "1-0"]
[WhiteTitle "GM"]
[BlackTitle "GM"]
[WhiteElo "2600"]
[BlackElo "2645"]
[WhiteFideId "2056437"]
[BlackFideId "712779"]
[EventDate "2019.05.16"]

1. e4 c6 2. Nc3 d5 3. Nf3 g6 4. d4 Bg7 5. h3 Nf6 6. Bd3 dxe4 7. Nxe4 Nxe4 8.
Bxe4 Nd7 9. c3 O-O 10. O-O Qc7 11. Re1 c5 12. Be3 e6 13. Qd2 Nf6 14. Bh6 Rd8 15.
Bxg7 Kxg7 16. Qg5 cxd4 17. Nxd4 h6 18. Qe3 Nxe4 19. Qxe4 Bd7 20. Qe5+ Qxe5 21.
Rxe5 Rac8 22. f4 Bc6 23. Rae1 Bd5 24. a3 Rd6 25. g4 f6 26. R5e3 Kf7 27. Kf2 g5
28. fxg5 hxg5 29. Kg3 Rb6 30. R3e2 Bc4 31. Rf2 Rd8 32. Re4 Bd5 33. Re1 Kg6 34.
Ref1 e5 35. Nf5 Bc4 36. Re1 Rd3+ 37. Re3 Rd1 38. Ref3 Rb1 39. b4 Ra1 40. Rd2
Rxa3 41. Rd7 Bf7 42. h4 gxh4+ 43. Nxh4+ Kg7 44. g5 e4 45. Rf4 Rxc3+ 46. Kg4 Kf8
47. Rd4 e3 48. gxf6 e2 49. Rd8+ Be8 50. f7 Rg3+ 51. Kh5 Rb5+ 52. Kh6 Rb6+ 53.
Kh5 Rb5+ 54. Nf5 Kxf7 55. Kh4 Rg4+ 56. Kxg4 e1=Q 57. Nd6+ Ke7 58. Rxe8+ Kxd6 59.
Rxe1 Rd5 60. Ree4 Kc6 61. Kf3 Kb5 62. Ke3 Rd1 63. Rd4 Re1+ 64. Kd2 Rb1 65. Rf5+ 1-0

[Event "chess.com Junior Speed"]
[Site "chess.com INT"]
[Date "2019.06.18"]
[Round "1.13"]
[White "Gledura, Benjamin"]
[Black "Liang, Awonder"]
[Result "0-1"]
[WhiteTitle "GM"]
[BlackTitle "GM"]
[WhiteElo "2645"]
[BlackElo "2600"]
[WhiteFideId "712779"]
[BlackFideId "2056437"]
[EventDate "2019.05.16"]

1. e4 c6 2. d4 d5 3. Nc3 dxe4 4. Nxe4 Nf6 5. Nxf6+ exf6 6. Bd3 Bd6 7. Ne2 O-O 8.
O-O Bg4 9. f3 Bh5 10. c3 Qc7 11. h3 Nd7 12. Qc2 Bg6 13. f4 Bxd3 14. Qxd3 Rfe8
15. Bd2 c5 16. Rae1 Qb6 17. b3 Rad8 18. Be3 Qa5 19. a4 Qc7 20. d5 c4 21. bxc4
Nc5 22. Bxc5 Bxc5+ 23. Nd4 Rxe1 24. Rxe1 Qxf4 25. Qe4 Qd2 26. Kh1 Qxc3 27. Nf5
g6 28. Nh4 f5 29. Qf4 Qxe1+ 0-1

[Event "chess.com Junior Speed"]
[Site "chess.com INT"]
[Date "2019.06.18"]
[Round "1.14"]
[White "Liang, Awonder"]
[Black "Gledura, Benjamin"]
[Result "0-1"]
[WhiteTitle "GM"]
[BlackTitle "GM"]
[WhiteElo "2600"]
[BlackElo "2645"]
[WhiteFideId "2056437"]
[BlackFideId "712779"]
[EventDate "2019.05.16"]

1. Nf3 Nf6 2. c4 g6 3. b3 Bg7 4. Bb2 O-O 5. e3 d6 6. Be2 e5 7. d4 e4 8. Nfd2 Re8
9. Nc3 Nbd7 10. b4 Qe7 11. a4 h5 12. h3 Nf8 13. Qb3 h4 14. a5 Bf5 15. a6 b6 16.
d5 N8h7 17. Nb5 Ng5 18. Bc3 Rec8 19. Qb2 Bd7 20. Nd4 c5 21. dxc6 Bxc6 22. Nxc6
Rxc6 23. O-O Rac8 24. Rfd1 d5 25. c5 bxc5 26. bxc5 Rxc5 27. Bd4 Ne8 28. Bxc5
Qxc5 29. Qb7 Bxa1 30. Rxa1 Nd6 31. Qe7 Ne6 32. Nb3 Qc7 33. Qxh4 Qc3 34. Bg4 Qxb3
35. Bxe6 fxe6 36. Qf6 Qc3 37. Qxe6+ Kh7 38. Rb1 Qc7 39. Qxd5 Rd8 40. Qe5 Rd7 41.
h4 Re7 42. Qd5 Qc2 43. Rd1 Nf5 44. h5 Qc7 45. hxg6+ Kxg6 46. Rb1 Qd6 47. Qg8+
Rg7 48. Qe8+ Kh7 49. Qh5+ Nh6 50. Qb5 Qg6 51. g3 Nf5 52. Qe5 Qg4 53. Qf4 Qxf4
54. exf4 e3 55. Rb7 e2 56. Rb1 Nd4 57. Kg2 Nc2 58. Rh1+ Kg8 0-1

[Event "chess.com Junior Speed"]
[Site "chess.com INT"]
[Date "2019.06.18"]
[Round "1.15"]
[White "Gledura, Benjamin"]
[Black "Liang, Awonder"]
[Result "0-1"]
[WhiteTitle "GM"]
[BlackTitle "GM"]
[WhiteElo "2645"]
[BlackElo "2600"]
[WhiteFideId "712779"]
[BlackFideId "2056437"]
[EventDate "2019.05.16"]

1. Nf3 Nf6 2. c4 b6 3. Nc3 Bb7 4. d4 e6 5. g3 Be7 6. Bg2 O-O 7. O-O Ne4 8. Bd2
d6 9. Rc1 Nd7 10. Be1 f5 11. d5 Nxc3 12. Bxc3 e5 13. e4 fxe4 14. Nd2 Bg5 15.
Bxe4 Nc5 16. Bb1 a5 17. Qe2 Bc8 18. Rcd1 Bf5 19. Bxf5 Rxf5 20. Ne4 Nxe4 21. Qxe4
Qd7 22. Kg2 Raf8 23. f3 Qf7 24. b3 Qg6 25. a3 h5 26. Rde1 Qh6 27. Re2 h4 28. Qg4
Bc1 29. f4 Bxa3 30. Bd2 Bc5 31. fxe5 h3+ 32. Qxh3 Qxh3+ 33. Kxh3 Rxf1 0-1

[Event "chess.com Junior Speed"]
[Site "chess.com INT"]
[Date "2019.06.18"]
[Round "1.16"]
[White "Liang, Awonder"]
[Black "Gledura, Benjamin"]
[Result "1/2-1/2"]
[WhiteTitle "GM"]
[BlackTitle "GM"]
[WhiteElo "2600"]
[BlackElo "2645"]
[WhiteFideId "2056437"]
[BlackFideId "712779"]
[EventDate "2019.05.16"]

1. e4 c5 2. Nc3 Nc6 3. Bb5 e6 4. Bxc6 bxc6 5. Nf3 d6 6. O-O e5 7. a3 a5 8. d3 g6
9. Ne2 Bg7 10. c3 Nf6 11. h3 O-O 12. Ng3 Rb8 13. Qe2 Ne8 14. Rd1 Ba6 15. Qc2 Qb6
16. b4 cxb4 17. axb4 axb4 18. cxb4 Nc7 19. Rb1 Ne6 20. Be3 Qb7 21. d4 exd4 22.
Nxd4 Nxd4 23. Bxd4 Bxd4 24. Rxd4 c5 25. Rxd6 cxb4 26. Qc6 Qxc6 27. Rxc6 Bc8 28.
f4 Rd8 29. f5 Rd3 30. Kh2 b3 31. h4 Bd7 32. Rc7 Ba4 33. h5 b2 34. Rc4 Rd1 35.
Rxb2 Rxb2 36. Rxa4 Kg7 37. e5 Rdd2 38. hxg6 hxg6 39. f6+ Kh6 40. Kh3 Rxg2 41.
Rh4+ Kg5 42. Rg4+ Kh6 43. Rh4+ Kg5 44. Rg4+ Kh6 45. Rh4+ 1/2-1/2

[Event "chess.com Junior Speed"]
[Site "chess.com INT"]
[Date "2019.06.18"]
[Round "1.17"]
[White "Gledura, Benjamin"]
[Black "Liang, Awonder"]
[Result "1-0"]
[WhiteTitle "GM"]
[BlackTitle "GM"]
[WhiteElo "2645"]
[BlackElo "2600"]
[WhiteFideId "712779"]
[BlackFideId "2056437"]
[EventDate "2019.05.16"]

1. e4 c6 2. Nf3 d5 3. Nc3 Bg4 4. h3 Bxf3 5. Qxf3 e6 6. Qg3 Nd7 7. d4 g6 8. Bd3
Bg7 9. e5 Ne7 10. Ne2 Qc7 11. c3 h5 12. O-O O-O-O 13. Bg5 Rde8 14. b4 Bh6 15.
Bxh6 Rxh6 16. Qg5 Rh7 17. a4 Nf5 18. b5 Qd8 19. Qd2 c5 20. a5 c4 21. Bc2 Rg8 22.
Nf4 Nf8 23. Qe2 Qh4 24. Qf3 Rhh8 25. Nxd5 exd5 26. Qxd5 Qe7 27. a6 Ne6 28. Be4
Kb8 29. b6 axb6 30. axb7 1-0

[Event "chess.com Junior Speed"]
[Site "chess.com INT"]
[Date "2019.06.18"]
[Round "1.18"]
[White "Liang, Awonder"]
[Black "Gledura, Benjamin"]
[Result "1-0"]
[WhiteTitle "GM"]
[BlackTitle "GM"]
[WhiteElo "2600"]
[BlackElo "2645"]
[WhiteFideId "2056437"]
[BlackFideId "712779"]
[EventDate "2019.05.16"]

1. e4 c5 2. Nc3 g6 3. Nf3 Bg7 4. d4 cxd4 5. Nxd4 Nc6 6. Be3 Nf6 7. Bc4 O-O 8. f3
Re8 9. O-O e6 10. Bb3 d5 11. exd5 Nxd5 12. Nxd5 exd5 13. Bf2 a5 14. a4 Ne5 15.
Nb5 Be6 16. Re1 Nc4 17. Bxc4 dxc4 18. Bd4 Bf5 19. Bxg7 Qxd1 20. Rexd1 Kxg7 21.
Nc7 Bxc2 22. Rd7 Bb3 23. Nxa8 Rxa8 24. Re1 Bxa4 25. Rxb7 Bb3 26. Ree7 Rf8 27.
Kf2 a4 28. g4 h6 29. f4 c3 30. bxc3 Ra8 31. Ra7 Rc8 32. Rec7 Rd8 33. c4 1-0

[Event "chess.com Junior Speed"]
[Site "chess.com INT"]
[Date "2019.06.18"]
[Round "1.19"]
[White "Gledura, Benjamin"]
[Black "Liang, Awonder"]
[Result "1-0"]
[WhiteTitle "GM"]
[BlackTitle "GM"]
[WhiteElo "2645"]
[BlackElo "2600"]
[WhiteFideId "712779"]
[BlackFideId "2056437"]
[EventDate "2019.05.16"]

1. d4 Nf6 2. c4 e6 3. Nf3 d5 4. g3 Be7 5. Bg2 O-O 6. O-O dxc4 7. Qc2 a6 8. Qxc4
b5 9. Qc2 Bb7 10. Bg5 Nbd7 11. Rd1 Be4 12. Qc1 h6 13. Bxf6 Nxf6 14. Nbd2 Bd5 15.
Nb3 c5 16. Nxc5 Rc8 17. b4 Qb6 18. Ne5 Rfd8 19. Qb2 a5 20. a3 Bxg2 21. Kxg2 Nd5
22. e4 Nf6 23. bxa5 Qxa5 24. Nb7 Qa8 25. Nxd8 Qxe4+ 26. Kg1 Rxd8 27. Qxb5 Rd5
28. Qd3 Ra5 29. Qxe4 Nxe4 30. Nc6 1-0

[Event "chess.com Junior Speed"]
[Site "chess.com INT"]
[Date "2019.06.18"]
[Round "1.20"]
[White "Liang, Awonder"]
[Black "Gledura, Benjamin"]
[Result "1-0"]
[WhiteTitle "GM"]
[BlackTitle "GM"]
[WhiteElo "2600"]
[BlackElo "2645"]
[WhiteFideId "2056437"]
[BlackFideId "712779"]
[EventDate "2019.05.16"]

1. Nf3 d5 2. g3 Nf6 3. Bg2 g6 4. O-O Bg7 5. b3 O-O 6. Bb2 c5 7. d3 Nc6 8. Ne5
Nd4 9. e3 Nf5 10. Nd2 Re8 11. Qe2 Nd7 12. f4 Nxe5 13. Bxe5 f6 14. Bb2 d4 15. Nc4
e5 16. e4 Nd6 17. Rf2 Nxc4 18. bxc4 Qd6 19. Raf1 Bd7 20. Bc1 b5 21. cxb5 Bxb5
22. h4 Bd7 23. f5 gxf5 24. exf5 Bc6 25. Be4 Rac8 26. g4 c4 27. g5 cxd3 28. cxd3
Bxe4 29. dxe4 d3 30. Qg4 Rc4 31. Be3 Qc6 32. gxf6 Qxf6 33. Rg2 Kh8 34. Bg5 Qf7
35. f6 Bf8 36. Qg3 Rxe4 37. Qxd3 Rd4 38. Qe3 Bc5 39. Bh6 Rd5 40. Bg7+ Qxg7 41.
fxg7+ Kg8 42. Qxc5 Rxc5 43. Rd1 Rc7 44. Rd6 Rxg7 45. Rxg7+ Kxg7 46. Rd7+ Kg6 47.
Rxa7 h5 48. Kg2 Kf5 49. a4 Kg4 50. a5 Kxh4 51. a6 Re6 52. Ra8 e4 53. Kf2 e3+ 54.
Ke2 Kh3 55. a7 h4 56. Rb8 1-0

[Event "chess.com Junior Speed"]
[Site "chess.com INT"]
[Date "2019.06.18"]
[Round "1.21"]
[White "Gledura, Benjamin"]
[Black "Liang, Awonder"]
[Result "0-1"]
[WhiteTitle "GM"]
[BlackTitle "GM"]
[WhiteElo "2645"]
[BlackElo "2600"]
[WhiteFideId "712779"]
[BlackFideId "2056437"]
[EventDate "2019.05.16"]

1. Nf3 Nf6 2. g3 g6 3. Bg2 Bg7 4. b3 O-O 5. Bb2 d6 6. d4 Nbd7 7. c4 a5 8. Nc3 e5
9. dxe5 Nxe5 10. Nd4 h5 11. O-O h4 12. Qd2 hxg3 13. hxg3 Nfg4 14. Rad1 Bh6 15.
Qc2 Qg5 16. Nd5 Qh5 17. Rfe1 Qh2+ 18. Kf1 Ne3+ 19. fxe3 Bh3 20. Qe4 Ng4 21. Qf3
Qh1# 0-1

[Event "chess.com Junior Speed"]
[Site "chess.com INT"]
[Date "2019.06.18"]
[Round "1.22"]
[White "Liang, Awonder"]
[Black "Gledura, Benjamin"]
[Result "0-1"]
[WhiteTitle "GM"]
[BlackTitle "GM"]
[WhiteElo "2600"]
[BlackElo "2645"]
[WhiteFideId "2056437"]
[BlackFideId "712779"]
[EventDate "2019.05.16"]

1. e4 g6 2. d4 Bg7 3. Nc3 d6 4. h4 Nf6 5. h5 Nxh5 6. Rxh5 gxh5 7. Qxh5 Nc6 8.
Bc4 e6 9. d5 Ne5 10. Bb3 exd5 11. Nxd5 Bg4 12. Qh2 c6 13. Ne3 Qf6 14. f4 h5 15.
fxe5 Qxe5 16. Qxe5+ Bxe5 17. Nf3 Bxf3 18. gxf3 h4 19. Kf2 h3 20. Bd2 Bxb2 21.
Rh1 Be5 22. Ng4 Ke7 23. Bg5+ f6 24. Be3 a5 25. a4 b5 0-1

[Event "chess.com Junior Speed"]
[Site "chess.com INT"]
[Date "2019.06.18"]
[Round "1.23"]
[White "Gledura, Benjamin"]
[Black "Liang, Awonder"]
[Result "0-1"]
[WhiteTitle "GM"]
[BlackTitle "GM"]
[WhiteElo "2645"]
[BlackElo "2600"]
[WhiteFideId "712779"]
[BlackFideId "2056437"]
[EventDate "2019.05.16"]

1. d4 Nf6 2. Nf3 g6 3. g3 Bg7 4. Bg2 O-O 5. O-O d6 6. c4 Nc6 7. Nc3 e5 8. dxe5
Nxe5 9. Nxe5 dxe5 10. Bg5 Qe8 11. Nb5 Qe7 12. Qb3 c6 13. Nc3 h6 14. Bxf6 Bxf6
15. Ne4 Bg7 16. c5 Be6 17. Qa3 Bd5 18. Nd6 Bxg2 19. Kxg2 f5 20. e4 Kh7 21. Rad1
f4 22. f3 fxg3 23. hxg3 h5 24. Qb3 b6 25. Qc4 Rab8 26. b4 a5 27. b5 cxb5 28.
Nxb5 bxc5 29. Rd5 Qg5 30. a4 h4 31. g4 Qf4 32. Qe2 c4 33. Qf2 g5 34. Rd7 Rf7 35.
Rfd1 Rbf8 36. Rxf7 Rxf7 37. Nc3 h3+ 0-1

[Event "chess.com Junior Speed"]
[Site "chess.com INT"]
[Date "2019.06.18"]
[Round "1.24"]
[White "Liang, Awonder"]
[Black "Gledura, Benjamin"]
[Result "0-1"]
[WhiteTitle "GM"]
[BlackTitle "GM"]
[WhiteElo "2600"]
[BlackElo "2645"]
[WhiteFideId "2056437"]
[BlackFideId "712779"]
[EventDate "2019.05.16"]

1. e4 e5 2. Nc3 Nc6 3. Nf3 g6 4. Bc4 Bg7 5. d3 d6 6. Be3 Nf6 7. Qd2 Ng4 8. Bg5
f6 9. Bh4 h5 10. h3 Nh6 11. Bg3 Na5 12. Bb3 Nxb3 13. axb3 O-O 14. d4 exd4 15.
Nxd4 f5 16. O-O-O fxe4 17. Nxe4 Nf5 18. Nxf5 Bxf5 19. Nc3 Qd7 20. Bf4 Bxc2 21.
Qxc2 Rxf4 22. Rhe1 Qf5 23. Qxf5 Rxf5 24. f3 Rf7 25. Nd5 Kf8 26. Kc2 c6 27. Nb4
d5 28. Nd3 Re8 29. Rxe8+ Kxe8 30. Re1+ Re7 31. Rxe7+ Kxe7 32. b4 b6 33. g4 hxg4
34. hxg4 g5 35. f4 gxf4 36. Nxf4 Be5 37. Ng6+ Kf6 38. Nf8 Bd6 0-1

[Event "chess.com Junior Speed"]
[Site "chess.com INT"]
[Date "2019.06.18"]
[Round "1.25"]
[White "Gledura, Benjamin"]
[Black "Liang, Awonder"]
[Result "1/2-1/2"]
[WhiteTitle "GM"]
[BlackTitle "GM"]
[WhiteElo "2645"]
[BlackElo "2600"]
[WhiteFideId "712779"]
[BlackFideId "2056437"]
[EventDate "2019.05.16"]

1. Nf3 Nf6 2. d4 g6 3. Nc3 Bg7 4. e4 O-O 5. Be2 d5 6. exd5 Nxd5 7. O-O Nxc3 8.
bxc3 c5 9. h3 cxd4 10. cxd4 Nc6 11. Be3 Bf5 12. c4 Be4 13. d5 Bxf3 14. Bxf3 Ne5
15. Be2 Rc8 16. Rc1 b6 17. c5 bxc5 18. Rxc5 Rxc5 19. Bxc5 Qc7 20. Be3 Rc8 21.
Qa4 Qc2 22. Bb5 Qxa4 23. Bxa4 Nd3 24. Rb1 Nb2 25. Bc6 a5 26. Rc1 Nd3 27. Rd1 Nb4
28. Bc5 Bf6 29. Bxb4 axb4 30. Rd3 e6 31. g4 Kf8 32. Kg2 exd5 33. Bxd5 Rc3 34.
Rxc3 Bxc3 35. f4 1/2-1/2

[Event "chess.com Junior Speed"]
[Site "chess.com INT"]
[Date "2019.06.18"]
[Round "1.26"]
[White "Liang, Awonder"]
[Black "Gledura, Benjamin"]
[Result "1/2-1/2"]
[WhiteTitle "GM"]
[BlackTitle "GM"]
[WhiteElo "2600"]
[BlackElo "2645"]
[WhiteFideId "2056437"]
[BlackFideId "712779"]
[EventDate "2019.05.16"]

1. Nf3 c5 2. g3 Nc6 3. Bg2 g6 4. O-O Bg7 5. c3 d5 6. d4 cxd4 7. cxd4 e6 8. Nc3
Nge7 9. Bf4 O-O 10. Qd2 Nf5 11. e3 Nd6 12. b3 b6 13. Ne5 Bb7 14. Rfc1 Rc8 15. h4
h6 16. Nxc6 Bxc6 17. Be5 f6 18. Bxd6 Qxd6 19. Ne2 g5 20. hxg5 hxg5 21. Rc2 Bb7
22. Rac1 f5 23. f4 g4 24. Kf2 Rxc2 25. Rxc2 Rc8 26. Nc1 Rxc2 27. Qxc2 Qc6 28.
Qxc6 Bxc6 29. Bf1 Kf8 30. Nd3 Ke7 31. Nb4 Kd6 32. Ba6 Bd7 33. Ke1 Kc7 34. Kd2 b5
35. a4 bxa4 36. bxa4 Bxa4 37. Kc3 Bf8 38. Nd3 Bd6 39. Nc5 Bd7 40. Nxd7 Kxd7 41.
Kb3 Kc7 42. Ka4 Be7 43. Kb3 Kd6 44. Ka4 Bd8 1/2-1/2

[Event "chess.com Junior Speed"]
[Site "chess.com INT"]
[Date "2019.06.18"]
[Round "1.27"]
[White "Gledura, Benjamin"]
[Black "Liang, Awonder"]
[Result "1/2-1/2"]
[WhiteTitle "GM"]
[BlackTitle "GM"]
[WhiteElo "2645"]
[BlackElo "2600"]
[WhiteFideId "712779"]
[BlackFideId "2056437"]
[EventDate "2019.05.16"]

1. e4 Nf6 2. Nc3 e5 3. Nf3 Nc6 4. d4 exd4 5. Nxd4 Bb4 6. Nxc6 bxc6 7. Bd3 d5 8.
exd5 O-O 9. O-O cxd5 10. h3 h6 11. Qf3 c6 12. Bf4 Bd6 13. Rfe1 Rb8 14. b3 Rb4
15. Ne2 a5 16. c4 a4 17. Bxd6 Qxd6 18. cxd5 cxd5 19. Bc2 axb3 20. axb3 Bb7 21.
Ng3 d4 22. Qd3 Qc6 23. f3 Rc8 24. Rac1 Ba6 25. Qf5 Rb5 26. Qf4 Rc5 27. Nf5 Nd5
28. Qxd4 Qf6 29. Qxf6 gxf6 30. Nxh6+ Kf8 31. Red1 Ne3 32. Rd2 Nxc2 33. Ng4 f5
34. Nf6 Kg7 35. Nd7 R5c7 36. Ne5 Ne3 37. Rxc7 Rxc7 38. Kf2 f4 39. g3 Rc1 40.
gxf4 Nf5 41. Ng4 Rf1+ 42. Kg2 Nh4+ 43. Kg3 Nxf3 44. Rf2 Rxf2 45. Kxf2 Nd4 46. b4
Nc2 47. h4 Nxb4 48. h5 Bc8 49. h6+ Kh7 50. Ne5 Be6 51. f5 Bd5 52. Ng4 Nc6 53.
Nf6+ Kxh6 54. Nxd5 Kg5 55. f6 Kf5 56. Kf3 Ke5 57. Ne3 Kxf6 58. Ng4+ Kg5 59. Nf2
Ne5+ 60. Ke4 Ng4 61. Nd3 f5+ 62. Kf3 Kf6 63. Nf4 Ne5+ 64. Ke3 Ng4+ 65. Kf3 Ke5
66. Ng6+ Kf6 67. Nh4 Ne5+ 68. Kg3 Kg5 69. Nxf5 1/2-1/2

[Event "chess.com Junior Speed"]
[Site "chess.com INT"]
[Date "2019.06.18"]
[Round "1.28"]
[White "Liang, Awonder"]
[Black "Gledura, Benjamin"]
[Result "1-0"]
[WhiteTitle "GM"]
[BlackTitle "GM"]
[WhiteElo "2600"]
[BlackElo "2645"]
[WhiteFideId "2056437"]
[BlackFideId "712779"]
[EventDate "2019.05.16"]

1. Nf3 d5 2. g3 g6 3. Bg2 Bg7 4. O-O e5 5. c4 c6 6. cxd5 cxd5 7. Nc3 Ne7 8. d3
O-O 9. Bd2 Nbc6 10. Qc1 Re8 11. Bh6 Bh8 12. h4 Nf5 13. Bg5 f6 14. Bd2 Be6 15. h5
Rc8 16. hxg6 hxg6 17. Qd1 Bg7 18. e4 dxe4 19. dxe4 Nfd4 20. Nxd4 Nxd4 21. Nd5
Bxd5 22. exd5 e4 23. Bc3 Nb5 24. Qb3 Nxc3 25. bxc3 f5 26. Rad1 Qd6 27. c4 b6 28.
Rd2 Rc5 29. g4 f4 30. Re1 f3 31. Bxf3 Qf4 32. Rde2 Rf8 33. Bg2 Bd4 34. Rf1 Re8
35. Qa4 Re7 36. d6 e3 37. dxe7 exf2+ 38. Rexf2 Bxf2+ 39. Rxf2 Qc1+ 40. Bf1 Qe3
41. e8=Q+ 1-0

[Event "chess.com Junior Speed"]
[Site "chess.com INT"]
[Date "2019.06.18"]
[Round "1.28"]
[White "Gledura, Benjamin"]
[Black "Liang, Awonder"]
[Result "1-0"]
[WhiteTitle "GM"]
[BlackTitle "GM"]
[WhiteElo "2645"]
[BlackElo "2600"]
[WhiteFideId "712779"]
[BlackFideId "2056437"]
[EventDate "2019.05.16"]

1. d4 Nf6 2. Nf3 b6 3. g3 Bb7 4. Bg2 c5 5. c3 e6 6. O-O Be7 7. Nbd2 O-O 8. Re1
cxd4 9. cxd4 d5 10. Ne5 Nbd7 11. Ndf3 Nxe5 12. Nxe5 Nd7 13. Nd3 Rc8 14. Bd2 Bd6
15. a4 Nf6 16. a5 Ne4 17. Bf4 bxa5 18. Qa4 Bxf4 19. gxf4 Ba6 20. Bxe4 dxe4 21.
Nc5 Qh4 22. Nxa6 e3 23. fxe3 g5 24. d5 exd5 25. fxg5 Rc4 26. Qd7 Rg4+ 27. Kh1 f5
28. Rg1 Qh3 29. Qxd5+ Kg7 30. Rxg4 fxg4 1-0

[Event "chess.com Junior Speed"]
[Site "chess.com INT"]
[Date "2019.06.18"]
[Round "1.30"]
[White "Liang, Awonder"]
[Black "Gledura, Benjamin"]
[Result "1/2-1/2"]
[WhiteTitle "GM"]
[BlackTitle "GM"]
[WhiteElo "2600"]
[BlackElo "2645"]
[WhiteFideId "2056437"]
[BlackFideId "712779"]
[EventDate "2019.05.16"]

1. e4 c5 2. Nc3 Nc6 3. Nf3 e5 4. Bc4 Be7 5. d3 d6 6. Nd2 Bg5 7. a4 Nf6 8. Nf1
Bxc1 9. Rxc1 O-O 10. Ne3 Be6 11. O-O Nd7 12. Ncd5 Nb6 13. c3 Kh8 14. b4 Nxc4 15.
dxc4 Rc8 16. b5 Ne7 17. Qc2 Bxd5 18. Nxd5 Nxd5 19. cxd5 f5 20. f4 exf4 21. Rxf4
fxe4 22. Qxe4 Rxf4 23. Qxf4 Qe7 24. Rf1 Re8 25. Qf7 h6 26. Qxe7 Rxe7 27. Rf8+
Kh7 28. Ra8 b6 29. Rd8 Re3 30. Rxd6 Rxc3 31. Rd7 Rd3 32. Kf2 Rd4 33. Rxa7 Rxd5
34. Ra6 Rd4 35. Ke3 h5 36. g3 h4 37. Kf3 hxg3 38. hxg3 Rb4 39. g4 g5 40. Rxb6
Rxa4 41. Rc6 Rf4+ 42. Kg3 Rc4 43. b6 Rb4 44. Kf3 Kg7 45. Ke3 Rxg4 46. Rxc5 Rb4
47. Rc6 Kf7 48. Kf3 Ke7 49. Kg3 Kd7 50. Rg6 Kc8 1/2-1/2